000 00622nam a2200241Ia 4500
003 OSt
005 20220918205552.0
006 a|||||r|||| 00| 0
007 ta
008 220917b |||||||| |||| 00| 0 eng d
024 _a117,077
037 _cTextual
040 _aARTS
_cARTS
_beng
041 _2eng
_aeng
082 _aV671.C, F7
100 _aMoret A
_9115502
245 0 _aNile and Egyptian civilization tr by M R Dobie
260 _aLondon
_bRoutledge
_c1927
300 _axxix, 497p.
_ccm.
650 _aHISTORY
942 _hV671.C, F7
_cTEXL
_2CC
999 _c240369
_d240369